serun
ՀԱՅ ԳԻՐՔ = Armenian Book

Հետաքրքրաշատ մայրենի 4 ։ (Record no. 166032)

000 -LEADER
fixed length control field nam a22 a 4500
003 - CONTROL NUMBER IDENTIFIER
control field AM-YeNLA
005 - DATE AND TIME OF LATEST TRANSACTION
control field 20260311120452.0
007 - PHYSICAL DESCRIPTION FIXED FIELD--GENERAL INFORMATION
fixed length control field ta
008 - FIXED-LENGTH DATA ELEMENTS--GENERAL INFORMATION
fixed length control field 260311s2025 ai a|||crf||||000|0|arm||
020 ## - INTERNATIONAL STANDARD BOOK NUMBER
International Standard Book Number 978-9939-40-049-5
040 ## - CATALOGING SOURCE
Language of cataloging arm
Transcribing agency AM-YeNLA
041 0# - LANGUAGE CODE
Language code of text/sound track or separate title arm
245 00 - TITLE STATEMENT
Title Հետաքրքրաշատ մայրենի 4 ։
Remainder of title [Ուսումնաօժանդակ ձեռնարկ տարրական դպրոցի աշակերտների համար] /
Statement of responsibility, etc. Հեղինակ և առաջաբան՝ Ա.Ռ. Ավագիմյան, Լ.Մ. Ավագյան, Տ.Վ. Ենոքյան, Ա.Վ. Միքայելյան ; Մասն. խմբագիր՝ Ջ.Հ. Գյուլամիրյան.
260 ## - PUBLICATION, DISTRIBUTION, ETC. (IMPRINT)
Place of publication, distribution, etc. Երևան :
Name of publisher, distributor, etc. Էդիթ Պրինտ,
Date of publication, distribution, etc. 2025.
300 ## - PHYSICAL DESCRIPTION
Extent 79 էջ ։
Other physical details գունավոր նկարներ ;
Dimensions 23 սմ.
650 14 - SUBJECT ADDED ENTRY--TOPICAL TERM
Topical term or geographic name as entry element Հայոց լեզու
Form subdivision Ուսումնաօժանդակ ձեռնարկներ
653 0# - INDEX TERM--UNCONTROLLED
Uncontrolled term Մայրենի լեզվի ուսուցման օժանդակ ձեռնարկներ
700 1# - ADDED ENTRY--PERSONAL NAME
Personal name Ավագիմյան, Արինե Ռոդիկի
Relator term հեղինակ
Relator code aut
Relator term առաջաբան
Relator code aui
700 1# - ADDED ENTRY--PERSONAL NAME
Personal name Ավագյան, Լաուրա Մարտինի
Relator term հեղինակ
Relator code aut
Relator term առաջաբան
Relator code aui
700 1# - ADDED ENTRY--PERSONAL NAME
Personal name Ենոքյան, Տաթևիկ Վարդանի
Relator term հեղինակ
Relator code aut
Relator term առաջաբան
Relator code aui
700 1# - ADDED ENTRY--PERSONAL NAME
Personal name Միքայելյան, Արմինե Վալերիի
Relator term հեղինակ
Relator code aut
Relator term առաջաբան
Relator code aui
700 1# - ADDED ENTRY--PERSONAL NAME
Personal name Գյուլամիրյան, Ջ.Հ.
Relator term խմբագիր
Relator code edt
942 ## - ADDED ENTRY ELEMENTS (KOHA)
Source of classification or shelving scheme
Koha item type Books
Holdings
Withdrawn status Lost status Source of classification or shelving scheme Damaged status Not for loan Permanent Location Current Location Date acquired Inventory number Date last seen Price effective from Koha item type
          National Library of Armenia National Library of Armenia 2026-03-11 ՀԱԳ 2026-03-11 2026-03-11 Books

Հայաստանի ազգային գրադարան ՀՀ, 0009,Երևան, Տերյան 72
Հետադարձ կապ